Loading...
| Current Events | 6 | 15.00 | 100% | 50% | 0% |
| Fine Arts - Classical Music | 13 | 18.46 | 100% | 46% | 39% |
| Fine Arts - Other | 11 | 19.09 | 100% | 64% | 27% |
| Fine Arts - Painting & Sculpture | 13 | 20.00 | 100% | 85% | 15% |
| Geography | 6 | 16.67 | 100% | 67% | 0% |
| History - American | 13 | 23.08 | 100% | 92% | 39% |
| History - European | 12 | 20.83 | 100% | 83% | 25% |
| History - Other | 11 | 21.82 | 100% | 91% | 27% |
| History - World | 14 | 17.86 | 93% | 57% | 29% |
| Literature - American | 9 | 21.11 | 100% | 78% | 33% |
| Literature - British | 15 | 21.33 | 100% | 93% | 20% |
| Literature - European | 12 | 18.33 | 100% | 58% | 25% |
| Literature - World | 13 | 20.77 | 100% | 69% | 39% |
| Mythology | 4 | 20.00 | 100% | 75% | 25% |
| Other Academic | 7 | 20.00 | 100% | 71% | 29% |
| Philosophy | 12 | 25.00 | 92% | 100% | 58% |
| Religion | 11 | 17.27 | 100% | 55% | 18% |
| Science - Biology | 11 | 14.55 | 100% | 36% | 9% |
| Science - Chemistry | 11 | 20.00 | 91% | 73% | 36% |
| Science - Other | 14 | 19.29 | 100% | 64% | 29% |
| Science - Physics | 14 | 20.00 | 93% | 79% | 29% |
| Social Science | 12 | 17.50 | 100% | 67% | 8% |